Low intensity conflicts : The new dimension to India's military commitments

This book introduce about: Low intensity conflicts, review of contemporary India military commitments in Low-Intensity conflicts, Politico-Military policy imperativess for an India faced with the proliferation of Low-Intensity conflicts.

保存先:
書誌詳細
第一著者: Raza, M. Maroof
フォーマット: 図書
言語:Undetermined
出版事項: Meerut, U.P., India Kartikeya Publications 1995
主題:
タグ: タグ追加
タグなし, このレコードへの初めてのタグを付けませんか!
Thư viện lưu trữ: Trung tâm Học liệu Trường Đại học Cần Thơ
LEADER 01033nam a2200229Ia 4500
001 CTU_216937
008 210402s9999 xx 000 0 und d
082 |a 355.02 
082 |b R278 
100 |a Raza, M. Maroof 
245 0 |a Low intensity conflicts : 
245 4 |b The new dimension to India's military commitments 
245 0 |c M. Maroof Raza 
260 |a Meerut, U.P., India 
260 |b Kartikeya Publications 
260 |c 1995 
520 |a This book introduce about: Low intensity conflicts, review of contemporary India military commitments in Low-Intensity conflicts, Politico-Military policy imperativess for an India faced with the proliferation of Low-Intensity conflicts. 
650 |a India,Xung đột nhỏ (khoa học quân sự),Ấn Độ,Low-intensity conflicts (Military science) 
650 |x Military policy,Chính sách quốc phòng 
650 |z Ấn Độ,India 
904 |i Qhieu - Hồ Ngọc Thanh Phương 
980 |a Trung tâm Học liệu Trường Đại học Cần Thơ